00849nam a22001697a 4500999001900000003000400019082001300023245013500036260004800171300001000219500019100229546007400420650004600494700001000540942001300550952011600563 c195104d195104OSt aUPCAR/CP aPost harvest technologies of agricultural produce for sustainable food and nutrition security:bfirst asian international congress aLucknowbUP Council of Agriculture Research a195p. aOrganized by UP Council of Agriculture Research Indian Council Agricultural Research Sam Higginbottom University of Agricultute Technology and Science UP Academy of Agricultural Science aEnglishകെട്ടിവെക്കാനുള്ള തുക  aProceedings and technical recommendations aUPCAR 2ddccREP 00102ddc4070aKAUCLVbKAUCLVcREPORTSd2020-11-12l0oUPCAR/CPp811292r2020-11-12 00:00:00w2020-11-12yREP